000
00221 a2200085 4500
041
_a
spa
100
_a
Anonimo
245
_a
Manual De Planeamiento Didactico Y Evaluacion De Los Aprendisajes en Educacion Inicial
942
_c
BK
999
_c
15570
_d
15570